000 00526nam a2200193Ia 4500
001 9484
003 GE_BSU
008 181216s||||||||xx |||||||||||||| ||und||
040 _cGE_BSU
245 _aВопросы философии, №2. 2014.
245 _cГл.ред. Пружинин Борис Исаевич
260 _aМосква
260 _bНаука
260 _c2014
300 _a192стр.24см.
653 _aВопросы философии
653 _aპერიოდიკა
942 _cCR
999 _c42778
_d42778